|
|
|
|
| LEADER |
00000ntmaa2200000 a 4500 |
| 001 |
vtls011904029 |
| 003 |
SK-MaSNL |
| 005 |
20260301052612.0 |
| 008 |
251021i1791 hu || 000n1 lat |
| 035 |
|
|
|a urn:nbn:sk:snk-tm00em26
|
| 035 |
|
|
|a urn:nbn:sk:snk-tm3n3zu
|
| 035 |
|
|
|a 7AADE4FF-7FED-4D80-B381-F63418CF998A
|
| 040 |
|
|
|a SNKLA
|b slo
|c SNKLA
|e AACR2
|
| 041 |
0 |
|
|a lat
|
| 044 |
|
|
|a hu
|c HU
|
| 072 |
|
7 |
|a 27-78
|x Kresťanské združenia, spolky a organizácie. Rehoľné rády
|2 konspekt
|
| 072 |
|
7 |
|a 27-4
|x Praktická teológia. Morálna teológia
|2 konspekt
|
| 080 |
|
|
|a 27-42
|2 2011
|
| 080 |
|
|
|a 025.171
|2 2011
|
| 080 |
|
|
|a 2-287
|2 2011
|
| 100 |
1 |
|
|a Gludovac, Demeter
|4 aut
|9 360977
|
| 245 |
1 |
0 |
|a Supplementum Theologia moralis Demetrii Gludovacz ...
|n Tomus 1mus
|
| 246 |
3 |
8 |
|a Theologia moralis
|
| 260 |
|
|
|a In Lovas Berény
|c 1791-1792
|
| 300 |
|
|
|a 3 nečíslované strany, 327 strán
|b rukopis, viazaný
|c 19 cm
|
| 500 |
|
|
|a Na chrbte knihy na bielom štítku číslo 1189
|
| 500 |
|
|
|a V knihe lístok so signatúrou 622 L napísanou červenou pastelkou
|
| 500 |
|
|
|a Titul na chrbte knihy zlatotlačou, tamže označenie prvého zväzku (I.)
|
| 520 |
2 |
|
|a Dodatok morálnej teológie Demetera Gludovaca
|
| 555 |
0 |
|
|a Inventár rukopisov Archívu literatúry a umenia Slovenskej národnej knižnice. Rukopisy historických knižníc na Slovensku III (Marianka). Slovenská národná knižnica 2009
|
| 561 |
|
|
|a Oválna pečiatka: Sigillum Conventus Malackaensis P.P. Franciscanor
|
| 610 |
2 |
7 |
|a Františkáni (Malacky, Slovensko)
|b Mariánska provincia
|2 SNKLA
|9 348552
|
| 650 |
0 |
7 |
|a morálna teológia
|2 SNKPH
|9 881
|
| 655 |
|
7 |
|a rozpravy
|2 SNKPH
|9 70559
|
| 655 |
|
7 |
|a rukopisy
|2 SNKPH
|9 70548
|
| 752 |
|
|
|a Maďarsko
|d Lovasberény
|
| 852 |
|
|
|a Slovenská národná knižnica
|b Literárny archív
|
| 958 |
|
|
|a ZH
|
| 958 |
|
|
|a LAVD
|
| 999 |
|
|
|c 606242
|d 608172
|
| 952 |
|
|
|a SNKLA
|b SNKLA
|c SNKLA_DEP
|y NEVYP
|7 0
|p 17A1229044
|o snkM 74
|0 0
|1 0
|4 0
|d 2019-11-28
|f 1
|l 0
|r 2026-02-23 16:08:54
|w 2026-02-23
|